The success principles :how to get from where you are to where you want to be (Record no. 190611)

MARC details
000 -LEADER
fixed length control field 00388nam a22001457a 4500
003 - CONTROL NUMBER IDENTIFIER
control field OSt
020 ## - INTERNATIONAL STANDARD BOOK NUMBER
International Standard Book Number 9780007301676
082 ## - DEWEY DECIMAL CLASSIFICATION NUMBER
Classification number 155.28
Item number CAN/JA
100 ## - MAIN ENTRY--PERSONAL NAME
Personal name Canfield Jack
245 ## - TITLE STATEMENT
Title The success principles :how to get from where you are to where you want to be
250 ## - EDITION STATEMENT
Edition statement 1
260 ## - PUBLICATION, DISTRIBUTION, ETC. (IMPRINT)
Place of publication, distribution, etc. New Delhi
Name of publisher, distributor, etc. Harper collins publishers India
Date of publication, distribution, etc. 2011
300 ## - PHYSICAL DESCRIPTION
Extent 473p.
942 ## - ADDED ENTRY ELEMENTS (KOHA)
Source of classification or shelving scheme Dewey Decimal Classification
Koha item type Books (General)
Holdings
Withdrawn status Lost status Source of classification or shelving scheme Damaged status Not for loan Collection code Home library Current library Shelving location Date acquired Cost, normal purchase price Total Checkouts Full call number Date last seen Price effective from Koha item type
    Dewey Decimal Classification     Malayalam College of Co-operation, Banking & Management Library, Vellanikkara College of Co-operation, Banking & Management Library, Vellanikkara   05/12/2017 499.00   155.28 CAN/JA 05/12/2017 05/12/2017 Books (General)
Kerala Agricultural University Central Library
Thrissur-(Dt.), Kerala Pin:- 680656, India
Ph : (+91)(487) 2372219
E-mail: librarian@kau.in
Website: http://library.kau.in/